Dynamic Organisations: (Record no. 332562)

000 -LEADER
fixed length control field nam a22 7a 4500
003 - CONTROL NUMBER IDENTIFIER
control field NUST
005 - DATE AND TIME OF LATEST TRANSACTION
control field 20171213124103.0
008 - FIXED-LENGTH DATA ELEMENTS--GENERAL INFORMATION
fixed length control field 171213b xxu||||| |||| 00| 0 eng d
020 ## - INTERNATIONAL STANDARD BOOK NUMBER
International Standard Book Number 0333666453
040 ## - CATALOGING SOURCE
Transcribing agency 0
082 ## - DEWEY DECIMAL CLASSIFICATION NUMBER
Classification number 658.1 JAC
100 ## - MAIN ENTRY--PERSONAL NAME
Personal name Jackson,David
9 (RLIN) 7219
245 ## - TITLE STATEMENT
Title Dynamic Organisations:
Remainder of title the challenge of change
Statement of responsibility, etc. David Jackson
260 ## - PUBLICATION, DISTRIBUTION, ETC.
Place of publication, distribution, etc. England
Name of publisher, distributor, etc. Macmillan press
Date of publication, distribution, etc. 1997.
300 ## - PHYSICAL DESCRIPTION
Extent 263p.
500 ## - GENERAL NOTE
General note H.B
942 ## - ADDED ENTRY ELEMENTS (KOHA)
Source of classification or shelving scheme
Koha item type Book
Call number prefix IESE
Holdings
Withdrawn status Lost status Source of classification or shelving scheme Damaged status Not for loan Collection code Permanent Location Current Location Shelving location Date acquired Total Checkouts Full call number Barcode Date last seen Price effective from Koha item type
            Institute of Environmental Science and Engineering (IESE) Institute of Environmental Science and Engineering (IESE) General Stacks 12/13/2017   658.1 JAC IESE-30 12/13/2017 12/13/2017 Book
© 2023 Central Library, National University of Sciences and Technology. All Rights Reserved.